LIBRARY & INFORMATION CENTRE, KCAET, TAVANUR

ONLINE PUBLIC ACCESS CATALOGUE (OPAC)

Advances in mechanical engineering / (Record no. 2544)

MARC details
000 -LEADER
fixed length control field 00519cam a2200205ua 4500
041 ## - LANGUAGE CODE
Language code of text/sound track or separate title eng
082 ## - DEWEY DECIMAL CLASSIFICATION NUMBER
Classification number 621.8
Item number AGA/AD
100 ## - MAIN ENTRY--AUTHOR NAME
Personal name Agarwal, R.S .
245 ## - TITLE STATEMENT
Title Advances in mechanical engineering /
250 ## - EDITION STATEMENT
Edition statement 1 /
260 ## - PUBLICATION, DISTRIBUTION, ETC. (IMPRINT)
Place of publication :
Name of publisher Tata Mc-Graw Hill Publishing Company ,
Year of publication 1990.
300 ## - PHYSICAL DESCRIPTION
Number of Pages 789 ; .
700 1# - ADDED ENTRY--PERSONAL NAME
Personal name Mittal, R.N .
700 1# - ADDED ENTRY--PERSONAL NAME
Personal name Sekhon, G.S .
942 ## - ADDED ENTRY ELEMENTS (KOHA)
Koha item type Books
Holdings
Withdrawn status Lost status Damaged status Home library Current library Date acquired Full call number Accession Number Koha item type
      KAUAET KAUAET 07/04/2012 621.8 17698 Books
free website counter